Bundesliga Clubs erraten #1 - Statistiken

Allgemein
  • Dieses Quiz wurde 143 mal gespielt
  • Das Durchschnittsergebnis liegt bei 5 aus 9
Antwortstatistiken
Fußball-Club % Korrekt
Darmstadt 98
79%
VfB Stuttgart
74%
Borussia Mönchengladbach
72%
Bayer 04 Leverkusen
61%
Eintracht Frankfurt
54%
SC Freiburg
54%
VfL Bochum 1848
46%
Borussia 09 Dortmund
42%
1. FC Heidenheim 1846
31%
Keine übereinstimmenden Quizze gefunden
Verteilung der Resultate
Anzahl Personen mit jedem Resultat
Perzentil nach korrekt beantworteten Fragen
Ihre Resultats-Entwicklung
Sie haben dieses Quiz noch nicht gespielt